01070nam a2200241 i 4500001000700000003000900007005001700016008004100033020002300074080002000097100003300117245009000150260006100240300002900301490002200330500001200352505024500364700002500609830003000634852002200664999001900686952012300705180321ES-MaACL20230906221048.0120528s1997 sp | |||| ||spa d a84-89794-07-3 v. 1 a821.134.2-2"16"1 aCastro, Guillén de.93685810aObras completas. nI / cGuillén de Castro ; [edición y prólogo de Joan Oleza]. aMadrid : bFundación José Antonio de Castro, c1997. aXXXV, 1068 p. ; c23 cm.1 aBiblioteca Castro 0aEn 5 v.8 aContiene: El amor constante. El caballero bobo. El desengaño dichoso. El nacimiento de Montesinos. El conde de Alarcos. La humildad soberbia. Los malcasados de Valencia. El conde de Irlos. El curioso impertinente. Don Quijote de la Mancha1 aOleza, Joan.91501430 aBiblioteca Castro9178957 aES-MaACLjL-29901 c180321d180321 00104070aATENEOMbATENEOMcDEPO2d2012-05-28eDONl0oL-29901p1189476r2023-02-23 00:00:00w2023-02-23yMONOGRAFIA